Rubberinoppam koonum (Record no. 75017)
[ view plain ]
| 000 -LEADER | |
|---|---|
| fixed length control field | 00218nam a22000977a 4500 |
| 100 ## - MAIN ENTRY--AUTHOR NAME | |
| Personal name | Chandralekha, K. |
| 245 ## - TITLE STATEMENT | |
| Title | Rubberinoppam koonum |
| 260 ## - PUBLICATION, DISTRIBUTION, ETC. (IMPRINT) | |
| Name of publisher | Rubber, 685(June): 22-24. |
| Year of publication | 2023 |
| 700 ## - ADDED ENTRY--PERSONAL NAME | |
| Personal name | Asha John |
| 942 ## - ADDED ENTRY ELEMENTS (KOHA) | |
| Koha item type | Journals |
| Withdrawn status | Lost status | Damaged status | Not for loan | Home library | Current library | Date acquired | Koha item type |
|---|---|---|---|---|---|---|---|
| RRII Library | RRII Library | 04/07/2023 | Journals |